000 00949nam a22001457a 4500
999 _c527270
_d527270
008 240819b ||||| |||| 00| 0 eng d
100 _aShukla, Sandeep K. et al
_956584
245 _aCyersecurity frameworks and models: Review of the existing global best practices
260 _aProductivity
300 _a65(1), Apr-Jun, 2024: p.29-42
520 _aThe pace of digitalization has accelerated, and internal concetivit8 has expanded beyond traditional computers and mobile phones to encompass other cyber physical or smart systems. This introduces a new paradigm of threats, including remote exploitation of operational technology networks and systems, such as air defence and coastal surveillance networks, power grids, pipelines, air traffic control systems, apart operation systems, railway signaling systems, satellites, industrial plants and more. – Reproduced
773 _aProductivity
906 _aCYBER SECURITY
942 _cAR